| 000 | 00000nam##2200000za#4500 |
| 001 | 9.699229 |
| 003 | CaOODSP |
| 005 | 20210625000303 |
| 007 | cr ||||||||||| |
| 008 | 150407|2006||||xxc|||||o f|0| 0 eng|d |
| 040 | |aCaOODSP|beng |
| 043 | |an-cn--- |
| 086 | 1 |aEn108-4/68-2005E-PDF |
| 110 | 1 |aCanada.|bCanadian Council of Ministers of the Environment. |
| 245 | 13|aAn analysis of Canadian and other water conservation practices and initiatives : |h[electronic resource]|bissues, opportunities and suggested directions / |cprepared for the Water Conservation and Economics Task Group, Canadian Council of Ministers of the Environment by J. Kinkead Consulting. |
| 260 | |aToronto - Ontario : |bCanadian Council of Ministers of the Environment |cc2006. |
| 300 | |a274p.|bfigs., glossary, graphs, maps, references, tables, photographs |
| 590 | |a14-09-Supp|b2014-04-23 |
| 690 | 07|aWater conservation|2gcpds |
| 775 | 08|tAnalyse des pratiques et des initiatives de conservation de l'eau au Canada et ailleurs : |w(CaOODSP)9.643190 |
| 856 | 40|ahttp://publications.gc.ca|qPDF|s3.98 MB|uhttps://publications.gc.ca/collections/collection_2014/ec/En108-4-68-2005-eng.pdf |
| 986 | |aPN 1359 |